| 000 | 00842nam a2200229Ia 4500 | ||
|---|---|---|---|
| 001 | 15604 | ||
| 003 | GE_BSU | ||
| 008 | 181216s||||||||xx |||||||||||||| ||und|| | ||
| 040 | _cGE_BSU | ||
| 080 | _a821.161.1-32 | ||
| 100 | _aკუზნეცოვი, ა. | ||
| 245 | _aლეგენდის გაგრძელება | ||
| 245 | _bნაწერი მოთხრობა | ||
| 245 | _cთარგმ. ვ. საათაშვილისა. რედ. გ. გვერდწითელი. მხატვ. რ. მახარაძე | ||
| 260 | _aთბილისი | ||
| 260 | _bნაკადული | ||
| 260 | _c1961 | ||
| 300 | _a226გვ. ; 21სმ | ||
| 653 | _aლეგენდის გაგრძელება | ||
| 653 | _aნაწერი მოთხრობა | ||
| 942 | _cBK | ||
| 999 |
_c48704 _d48704 |
||